000 00410nam a2200157Ia 4500
008 230917s9999||||xx |||||||||||||| ||und||
040 _e9311
_aMAIN
041 _aEnglish
082 _a320.947 R311S
100 _aReshetar, John S
245 0 _aSoviet polity: Government and politics in the U.S.S.R.
250 _a2nd ed.
260 _aNew York
_bHarper & Row
_c1978
300 _axi, 413 p.
942 _cBK
999 _c194400
_d194400